00417nam a2200109Ia 4500008004100000020001800041100002800059245006400087942004900151999001900200952008800219230213s9999 xx 000 0 und d a9781558741584 aCHANDLER, MITZI9175893 0aLATE BLOOMERS: WEEKLY INSPIRATIONS FOR WOMAN IN THEIR PRIME cBKw561xJohn Tresiddery561zJohn Tresidder c744238d744237 00104070aLEBOLbLEBOLd2023-02-13l0o376 CHAp17101r2023-02-13w2023-02-13yBK